[Event "MSC 100"]
[Site "Den Helder Holland"]
[Date "2002.10.27"]
[Round "4"]
[White "Groffen, Hans"]
[Black "van Egmond, Enrico"]
[Result "1-0"]
[WhiteElo "2180"]
[BlackElo "2123"]
[Annotator "Seijbel,D.M."]
[PlyCount "73"]
[EventDate "2002.??.??"]

1. d4 d5 2. c4 e6 3. Nc3 Nf6 4. cxd5 exd5 5. Bg5 Be7 6. e3 h6 7. Bf4 c6 8. Bd3
Nbd7 9. h3 Nf8 10. Nf3 Ne6 11. Be5 b6 12. O-O O-O 13. Rb1 Bb7 14. b4 Nd7 15.
Qc2 Qc8 16. Qb3 Ng5 17. Bg3 Nxf3+ 18. gxf3 b5 19. a4 Nb6 20. axb5 Qxh3 21. bxc6
Bxc6 22. Ne2 g5 23. b5 Bd7 24. Rfc1 Qh5 25. Nc3 Be6 26. Be2 Nc4 27. Qd1 Nd6 28.
e4 dxe4 29. fxe4 Qg6 30. d5 Bd7 31. Bd3 f5 32. e5 Ne4 33. Bxe4 fxe4 34. e6 Bc8
35. d6 Bf6 36. e7 Re8 37. Qd5+  1-0

[Event "MSC 100"]
[Site "Den Helder Holland"]
[Date "2002.10.27"]
[Round "4"]
[White "Jonkman, Harmen"]
[Black "Sula, Avni"]
[Result "0-1"]
[WhiteElo "2456"]
[BlackElo "2062"]
[PlyCount "148"]
[EventDate "2002.??.??"]

1. e4 e5 2. Nf3 Nc6 3. Bb5 Nf6 4. O-O Bc5 5. c3 O-O 6. d4 Bb6 7. Re1 d6 8. h3
Bd7 9. Ba4 Ba5 10. Nbd2 exd4 11. cxd4 d5 12. e5 Ne4 13. Re2 Bf5 14. Nf1 Bb6 15.
Bf4 Qe7 16. Ne3 Be6 17. Rc1 Nd8 18. Bc2 c6 19. Bd3 f6 20. exf6 Qxf6 21. Be5 Qe7
22. Nd2 Nf7 23. Nxe4 Nxe5 24. dxe5 dxe4 25. Bxe4 Rad8 26. Qc2 Qh4 27. Nf5 Qg5
28. h4 Qh5 29. Nd6 Qxh4 30. Rf1 Rd7 31. Bd3 Rf4 32. Re4 g5 33. Bc4 Rxd6 34.
Rxf4 Qxf4 35. exd6 Bxc4 36. Re1 Bf7 37. d7 Qf6 38. Re8+ Kg7 39. Qc3 Bxf2+ 40.
Kh1 Bb6 41. d8=Q Bxd8 42. Rxd8 Qxc3 43. bxc3 Bxa2 44. Rd7+ Kg6 45. Rxb7 Bd5 46.
Rxa7 h5 47. Ra5 h4 48. Kg1 g4 49. Ra4 Kg5 50. Rd4 h3 51. g3 Kf5 52. Rf4+ Kg5
53. Rf8 Bf3 54. Rh8 Kf5 55. Rh6 Ke5 56. Kf2 Kd5 57. Ke3 Kc4 58. Kd2 Bd5 59. Kc2
Be4+ 60. Kd2 Bf3 61. Rh4 Kb3 62. Kd3 c5 63. Rh5 c4+ 64. Kd4 Be2 65. Rh6 Kc2 66.
Ke3 Bf3 67. Kd4 Kd2 68. Kxc4 Ke3 69. Kb4 Kf2 70. c4 Kxg3 71. c5 h2 72. c6 h1=Q
73. Rxh1 Bxh1 74. Kb5 Bxc6+  0-1

[Event "MSC 100"]
[Site "Den Helder Holland"]
[Date "2002.10.27"]
[Round "4"]
[White "Lalic, Bogdan"]
[Black "Campora, Daniel H"]
[Result "1/2-1/2"]
[WhiteElo "2542"]
[BlackElo "2505"]
[Annotator "Seijbel,D.M."]
[PlyCount "21"]
[EventDate "2002.??.??"]

1. d4 Nf6 2. c4 e6 3. g3 c5 4. d5 exd5 5. cxd5 d6 6. Nc3 g6 7. Nf3 Bg7 8. Bg2
O-O 9. O-O a6 10. a4 b6 11. Bf4  1/2-1/2

[Event "MSC 100"]
[Site "Den Helder Holland"]
[Date "2002.10.27"]
[Round "4"]
[White "Perez Garcia, Hebert"]
[Black "Richter, Thomas"]
[Result "1/2-1/2"]
[WhiteElo "2192"]
[BlackElo "2038"]
[Annotator "Seijbel,D.M."]
[PlyCount "83"]
[EventDate "2002.??.??"]

1. e4 c5 2. Nc3 Nc6 3. g3 g6 4. Bg2 Bg7 5. d3 e6 6. Be3 d6 7. Qd2 Nd4 8. Nf3
Ne7 9. O-O O-O 10. Ne1 Rb8 11. Nd1 b6 12. c3 Ndc6 13. Bh6 Bb7 14. Bxg7 Kxg7 15.
Ne3 f5 16. f4 Qd7 17. Nf3 b5 18. Rfe1 Rbd8 19. exf5 Nxf5 20. a4 a6 21. axb5
axb5 22. Ng4 h6 23. b4 h5 24. Nf2 Kg8 25. Ne4 cxb4 26. cxb4 Ra8 27. Kh1 Rxa1
28. Rxa1 Qg7 29. Re1 e5 30. fxe5 Nxe5 31. Nfg5 Re8 32. d4 Nd7 33. Rd1 Nf6 34.
Nxf6+ Qxf6 35. Bxb7 Ne3 36. Ne4 Qf3+ 37. Kg1 Nxd1 38. Qh6 Qe3+ 39. Qxe3 Nxe3
40. Nf6+ Kf7 41. Nxe8 Kxe8 42. Bc6+  1/2-1/2

[Event "MSC 100"]
[Site "Den Helder Holland"]
[Date "2002.10.27"]
[Round "4"]
[White "Weber, Reinier"]
[Black "Alekseev, Vadim"]
[Result "0-1"]
[WhiteElo "1957"]
[BlackElo "2405"]
[Annotator "Seijbel,D.M."]
[PlyCount "108"]
[EventDate "2002.??.??"]

1. e4 c5 2. c3 Nf6 3. e5 Nd5 4. d4 cxd4 5. cxd4 d6 6. Nf3 Nc6 7. Bc4 Nb6 8. Bb5
dxe5 9. Nxe5 Bd7 10. Bxc6 Bxc6 11. Nxc6 bxc6 12. O-O e6 13. Nc3 Be7 14. Be3 O-O
15. Rc1 Qd7 16. Qe2 Qb7 17. Rfd1 Rfd8 18. Ne4 Nd5 19. Nc5 Qb5 20. Qxb5 cxb5 21.
Nd3 Rac8 22. Ne5 Kf8 23. Kf1 Bd6 24. Nd3 Bxh2 25. Bd2 Bd6 26. Ba5 Re8 27. Ke2
Ke7 28. a3 Kd7 29. Ne5+ Bxe5 30. dxe5 Rxc1 31. Rxc1 Rc8 32. Rxc8 Kxc8 33. g3
Kd7 34. Kd3 Kc6 35. b3 Ne7 36. Ke4 Ng6 37. Bd8 h6 38. f4 Kd7 39. Ba5 Ne7 40.
Bb4 h5 41. Bxe7 Kxe7 42. Kd4 f6 43. exf6+ Kxf6 44. Kc5 e5 45. fxe5+ Kxe5 46.
Kxb5 g5 47. Ka6 h4 48. gxh4 gxh4 49. Kxa7 h3 50. b4 h2 51. b5 h1=Q 52. b6 Qg1
53. Ka6 Kd6 54. b7 Kc7  0-1

[Event "MSC 100"]
[Site "Den Helder Holland"]
[Date "2002.10.27"]
[Round "5"]
[White "Hristodorescu, Daniel"]
[Black "Bagaturov, Giorgi"]
[Result "0-1"]
[WhiteElo "2267"]
[BlackElo "2429"]
[Annotator "Seijbel,D.M."]
[PlyCount "114"]
[EventDate "2002.??.??"]

1. e4 c5 2. Nf3 Nc6 3. Bb5 g6 4. O-O Bg7 5. Re1 Nf6 6. h3 O-O 7. e5 Nd5 8. Bxc6
bxc6 9. Nc3 d6 10. exd6 exd6 11. Nxd5 cxd5 12. d4 Bf5 13. Be3 Qb6 14. Rb1 Qc6
15. Qd2 Be4 16. Ng5 Rfe8 17. Rbd1 Rad8 18. Nxe4 Rxe4 19. Qa5 Rde8 20. c3 Bh6
21. Rf1 Bxe3 22. fxe3 Rxe3 23. Qxa7 R3e7 24. Qa3 Ra8 25. Qb3 Rb7 26. Qc2 Rxa2
27. Rf2 c4 28. Qe2 Raa7 29. Re1 Kf8 30. Qd2 Re7 31. Ref1 Kg7 32. h4 h5 33. Qg5
Re6 34. g4 hxg4 35. h5 Qe8 36. Qxd5 Re2 37. Qxd6 Rxf2 38. Rxf2 Ra1+ 39. Kh2 Ra5
40. d5 g3+ 41. Qxg3 Rxd5 42. hxg6 Rh5+ 43. Kg2 Qe7 44. Rf3 f6 45. Qf4 Rg5+ 46.
Kh2 Qe2+ 47. Kh3 Qe6+ 48. Kh2 Kxg6 49. Rf2 Qe7 50. Rg2 Rxg2+ 51. Kxg2 Qe2+ 52.
Kg3 Qe5 53. Qxe5 fxe5 54. Kf3 Kf5 55. Ke3 e4 56. Ke2 Kf4 57. Kf2 e3+ {Diagram #
} 0-1

[Event "MSC 100"]
[Site "Den Helder Holland"]
[Date "2002.10.27"]
[Round "5"]
[White "Kasparov, Sergey"]
[Black "Lalic, Bogdan"]
[Result "1/2-1/2"]
[WhiteElo "2439"]
[BlackElo "2542"]
[Annotator "Seijbel,D.M."]
[PlyCount "20"]
[EventDate "2002.??.??"]

1. d4 d5 2. c4 dxc4 3. Nf3 e6 4. e3 c5 5. Bxc4 a6 6. O-O Nf6 7. dxc5 Bxc5 8.
Qxd8+ Kxd8 9. b3 Ke7 10. Bb2 Nbd7  1/2-1/2

[Event "MSC 100"]
[Site "Den Helder Holland"]
[Date "2002.10.27"]
[Round "5"]
[White "Perez Garcia, Hebert"]
[Black "Adriaanse, Thom"]
[Result "1/2-1/2"]
[WhiteElo "2192"]
[BlackElo "1895"]
[Annotator "Seijbel,D.M."]
[PlyCount "34"]
[EventDate "2002.??.??"]

1. e4 d6 2. d4 g6 3. Nc3 Bg7 4. f4 Nf6 5. a3 O-O 6. Nf3 Nc6 7. Be3 a6 8. Be2
Bg4 9. e5 dxe5 10. dxe5 Nh5 11. O-O f6 12. exf6 exf6 13. Nd5 Re8 14. Qd2 Ne7
15. Bc4 Kh8 16. Rad1 Nf5 17. Qf2 Nd6  1/2-1/2

[Event "MSC 100"]
[Site "Den Helder Holland"]
[Date "2002.10.27"]
[Round "5"]
[White "Richter, Thomas"]
[Black "van Egmond, Enrico"]
[Result "1/2-1/2"]
[WhiteElo "2038"]
[BlackElo "2123"]
[Annotator "Seijbel,D.M."]
[PlyCount "55"]
[EventDate "2002.??.??"]

1. e4 e5 2. Nf3 Nf6 3. Nxe5 d6 4. Nf3 Nxe4 5. d4 d5 6. Bd3 Be7 7. O-O Bg4 8. c4
Nc6 9. Re1 Bxf3 10. Qxf3 Nxd4 11. Qe3 Nf5 12. Qh3 Nfd6 13. cxd5 Nc5 14. Bg5 f6
15. Bg6+ Nf7 16. Bxf7+ Kxf7 17. Bf4 Bd6 18. Bxd6 Qxd6 19. Nc3 Rae8 20. Rac1 Qf4
21. Rcd1 Re5 22. Rxe5 Qxe5 23. b4 Re8 24. f4 Qe3+ 25. Qxe3 Rxe3 26. Nb5 Na6 27.
Kf2 Re7 28. a3  1/2-1/2

[Event "MSC 100"]
[Site "Den Helder Holland"]
[Date "2002.10.27"]
[Round "5"]
[White "Sula, Avni"]
[Black "Alekseev, Vadim"]
[Result "0-1"]
[WhiteElo "2062"]
[BlackElo "2405"]
[Annotator "Seijbel,D.M."]
[PlyCount "70"]
[EventDate "2002.??.??"]

1. d4 c5 2. d5 d6 3. c4 e5 4. e4 Be7 5. Nc3 Bg5 6. Bd3 Bxc1 7. Rxc1 Nh6 8. Nge2
O-O 9. Ng3 a6 10. O-O Qg5 11. f3 g6 12. Na4 Nd7 13. Re1 f5 14. exf5 gxf5 15.
Qc2 Kh8 16. Rcd1 Rb8 17. b4 b5 18. cxb5 axb5 19. Nxc5 dxc5 20. bxc5 f4 21. Ne4
 Qg7 22. Nd6 Rg8 23. Bf1 Qe7 24. Ne4 Nf5 25. d6 Qg7 26. c6 Nd4 27.
Rxd4 exd4 28. Qb3 Ne5 29. Nc5 d3 30. Qd5 Nxc6 31. Qxc6 Bh3 32. Qd5 Bxg2 33. Qe5
Bxf3+ 34. Qxg7+ Rxg7+ 35. Kf2 d2  0-1

[Event "MSC 100"]
[Site "Den Helder Holland"]
[Date "2002.10.27"]
[Round "5"]
[White "Weber, Reinier"]
[Black "Jonkman, Harmen"]
[Result "0-1"]
[WhiteElo "1957"]
[BlackElo "2456"]
[Annotator "Seijbel,D.M."]
[PlyCount "70"]
[EventDate "2002.??.??"]

1. e4 e5 2. Nf3 Nc6 3. d4 exd4 4. Bc4 Nf6 5. e5 Ne4 6. Bd5 Nc5 7. Bxc6 dxc6 8.
Nxd4 Ne6 9. Nxe6 Qxd1+ 10. Kxd1 Bxe6 11. Be3 O-O-O+ 12. Kc1 Bd5 13. Rg1 Re8 14.
Bd4 c5 15. Bc3 c4 16. Bd4 c5 17. Bc3 b5 18. a3 g5 19. e6 Rg8 20. exf7 Bxf7 21.
f3 Bd6 22. g3 Re2 23. Nd2 Bg6 24. Ne4 Bxe4 25. fxe4 Rf8 26. Kb1 Rff2 27. h4 g4
28. Ka2 Rxe4 29. Rad1 Kc7 30. Rd5 b4 31. axb4 cxb4 32. Rd4 Rxd4 33. Bxd4 Rxc2
34. Kb1 Rd2 35. Bxa7 Be5  0-1